Lịch sử tâm lý học

Trình bày các tư tưởng tâm lí học thời kì cổ đại, thời trung cổ, phục hưng, tâm lí học thế kỉ 17, 18, nửa đầu 19, tâm lí học Gestalt...

Đã lưu trong:
书目详细资料
主要作者: Nguyễn Ngọc Phú (Tác giả)
格式: 图书
语言:Vietnamese
出版: H Đại học Quốc gia Hà Nội 2006
版:In lần thứ 2
丛编:ĐTTS ghi: Đại học Quốc gia Hà Nội. Trường đại học KHXH và NV
主题:
标签: 添加标签
没有标签, 成为第一个标记此记录!
Thư viện lưu trữ: Mạng thư viện Đại học Đà Nẵng
LEADER 01441nam a2200385 4500
001 000006209
003 2364
005 20110905090902.0
008 110905s2006 viesd
020 |c 23000đ 
041 0 |a vie 
082 |a 150.9  |b NG-P 
100 0 |a Nguyễn Ngọc Phú 
245 0 |a Lịch sử tâm lý học  |c Nguyễn Ngọc Phú 
250 |a In lần thứ 2 
260 |a H  |b Đại học Quốc gia Hà Nội  |c 2006 
300 |a 250 tr  |c 21 cm 
490 |a ĐTTS ghi: Đại học Quốc gia Hà Nội. Trường đại học KHXH và NV 
504 |a Thư mục: tr. 247-250 
520 |a Trình bày các tư tưởng tâm lí học thời kì cổ đại, thời trung cổ, phục hưng, tâm lí học thế kỉ 17, 18, nửa đầu 19, tâm lí học Gestalt... 
653 |a Lịch sử 
653 |a Tâm lí học 
653 |a Giáo trình 
700 |a Nguyễn Ngọc Phú  |e Tác giả 
910 |a Nguyễn Thị Kim Oanh  |d 05/09/2011 
OWN |a LSP 
AVA |a UDN50  |b LSP  |d 150.9 NG-P  |e check_holdings  |t Error 5003 Not defined in file expand_doc_bib_avail.  |h N  |k 1 
999 |a From the UDN01 
AVA |a UDN50  |b LSP  |d 150.9 NG-P  |e available  |t Error 5001 Not defined in file expand_doc_bib_avail.  |f 75  |g 25  |h N  |i 53  |k 1 
TYP |a Monograph 
TYP |a Printed language 
980 |a Mạng thư viện Đại học Đà Nẵng